000 00265nmm a2200085Ia 4500
008 220120s9999||||xx |||||||||||||||||und||
100 _aDIGIT March 2010
245 0 _aVortex box, linux mint 8KDE, MS security essentials for vist
260 _aCyber tach publication
_c2010
999 _c139464
_d139464